01005nam a2200229 a 4500001001000000005001700010008004100027041000800068044000700076050002100083100004800104245008100152260004800233300001900281440006200300500010500362500011400467500014000581500000900721650002200730650002300752BRCA_638220190320205431.0300811s1907----gw-#######---#000-0#eng-# aeng agw 4aPZ3b.B75 1 19071 aTwain, Markd1835-1910q(Samuel L. Clemens)10aChristian Sciencebwith notes containing corrections to datecby Mark Twain. aLeipzig, AlemaniabBernhard Tauchnitzc1907 a287 p.c17 cm. 0aCollection of British authors. Tauchnitz editionvv. 3979 aContiene al final: lista completa de la Colección de Autores Británicos y Estadounidenses, 31 p. aEstado físico: libro intonso con encuadernación rústica, presenta lomo deteriorado de la parte inferior aEjemplar igual a L32. Ver también H144, L2, L15, L16, L17, L18, L19, L20, L22, L23, L24, L25, L26, L27, L166, N9, N11, N12, N13 y N17 aCEF614aCiencia cristiana14aLiteratura inglesa